000 00735cam a22002173a 4500
001 45780
003 PGUSA
005 20140828084049.0
008 140527s2014||||xxu|||||s|||||000 | eng d
040 _aPGUSA
_beng
042 _adc
100 1 _aFletcher, John,
_d1579-1625
245 1 0 _aBeaumont and Fletcher's Works (5 of 10) :
_bA Wife for a Month; : The Lovers Progress; The Pilgrim; The Captain; The Prophetess
_h[electronic resource] /
_cJohn Fletcher
260 _bProject Gutenberg,
_c2014
506 _aPublic domain in the USA.
516 _aElectronic text
700 1 _aWaller, A. R.
_q(Alfred Rayney),
_d1867-1922
830 0 _aProject Gutenberg
_v45780
856 4 0 _uhttp://www.gutenberg.org/ebooks/45780
942 _cEB
999 _c275030
_d275030